000 00506cam a2200193ua 4500
001 2515
005 20260515113518.0
008 110912n ii |||gr||||Z||||||asm
040 _cMAIN
082 _a491.451
100 _aBaruah, Birinchi Kumar,
_eAuthor.
245 1 _aAsamiya bhasa aru sanskriti
_cby Birinchi Kr. Baruah
250 _a8th.
260 _aNalbari:
_bJournal emporium,995.
300 _a130p:
_cill.
653 _aAssamese language
653 _aAsamiya bhasa aru sanskriti
942 _cBK
999 _c2366
_d2366